Statistics for Rangers FC players 2011/12

Click here to take the quiz!

General Stats

  • This quiz has been taken 423 times
  • The average score is 11 of 28

Answer Stats

Squad NumberAnswer% Correct
1Allan McGregor
90%
14Steven Naismith
73%
8Steven Davis
71%
12Lee Wallace
64%
11Kyle Lafferty
59%
5Sasa Papac
58%
25Neil Alexander
56%
16Steven Whittaker
56%
6Lee McCulloch
54%
7Maurice Edu
50%
18Carlos Bocanegra
48%
19Sone Aluko
47%
2Dorin Goian
40%
26Jamie Ness
38%
34Andrew Little
37%
35Kyle Hutton
37%
4Kirk Broadfoot
33%
69Barrie Mckay
30%
10John Fleck
23%
15David Healy
22%
21Alejandro Bedoya
18%
41Rhys McCabe
18%
32Ross Perry
15%
28Salim Kerkar
15%
17Juan Manuel Ortiz
12%
58Lewis MacLeod
10%
40Andrew Mitchell
9%
38Kane Hemmings
8%

Score Distribution

Percentile by Number Answered

Percent of People with Each Score

Your Score History

You have not taken this quiz